Statistics for Name a Valid African Country

Click here to take the quiz!

General Stats

  • This quiz has been taken 32,396 times
    (32,231 since last reset)
  • The average score is 14 of 17

Answer Stats

Name an African Country…Countries% Correct
on the Mediterranean SeaAlgeria | Egypt | Libya | Morocco | Tunisia
99%
that is an island countryCape Verde | Comoros | Madagascar |
Mauritius | Seychelles | São Tomé and Príncipe
98%
with over 100 million peopleEgypt | Ethiopia | Nigeria
98%
with a 4-letter nameChad | Mali | Togo
97%
with a life expectancy over 70 yearsAlgeria | Cape Verde | Egypt | Libya | Mauritius |
Morocco | Seychelles | Tunisia
90%
containing a 'W' in its nameBotswana | Eswatini | Malawi | Rwanda | Zimbabwe
87%
that borders Lake VictoriaKenya | Tanzania | Uganda
87%
with a coastline of at least 2,500 kmMadagascar | Mozambique | Egypt | South Africa | Morocco
87%
considered part of the Horn of AfricaDjibouti | Eritrea | Ethiopia | Somalia
83%
with Portuguese as an official languageAngola | Cape Verde | Equatorial Guinea | Guinea-Bissau |
Mozambique | São Tomé and Príncipe
79%
in the Kalahari DesertBotswana | Namibia | South Africa
74%
with more than 60% of its total area
covered by forest
Seychelles | Gabon | Mozambique | Rep. of the Congo | Zimbabwe
69%
that is a monarchyEswatini | Lesotho | Morocco
64%
that was a sovereign country in 1900Ethiopia | Liberia | Morocco
63%
with a higher per-capita income than
South Africa (2019, PPP)
Algeria | Botswana | Gabon | Equatorial Guinea |
Mauritius | Seychelles
62%
with a minimum elevation over 500mBotswana | Burundi | Lesotho | Rwanda | Uganda
62%
with a capital city ending in 'O'Benin | Egypt | Equatorial Guinea | Ivory Coast |
Madagascar | Mali | Mozambique
61%

Score Distribution

Percentile by Number Answered

Percent of People with Each Score

Your Score History

You have not taken this quiz since the last reset